000 00358nam a22000977a 4500
100 _aImam Abu Hamid M. Ahmed Rida Al - Qadri Barkati
245 _aThe presence of the soul and its station after its departure
_cImam Abu Hamid M. Ahmed Rida Al - Qadri Barkati
260 _aSouth Africa:
_bAhmad Raza Academy;
_c2016.
300 _a24p.
942 _2ddc
_cBK
999 _c614703
_d614703